| 000 | 00734nam a2200241Ia 4500 | ||
|---|---|---|---|
| 003 | OSt | ||
| 005 | 20220925221325.0 | ||
| 006 | a|||||r|||| 00| 0 | ||
| 007 | ta | ||
| 008 | 220923b |||||||| |||| 00| 0 eng d | ||
| 037 | _cGeneral Book | ||
| 040 |
_aRTL _cRTL _beng |
||
| 041 |
_2eng _aeng |
||
| 082 | _aY5.58.N7z7, L7 | ||
| 100 |
_aYanowitch Murray _9235617 |
||
| 245 | 0 | _aSocial and economic inequality in the Soviet union | |
| 260 |
_aLondon _bMartin Robertson _c1977 |
||
| 300 |
_axv,197p Tables:p7-174 _ccm. |
||
| 500 | _aBibliography: p 187-194; Index:p195-196 | ||
| 650 |
_aSocial Stratification _9229881 |
||
| 942 |
_hY5.58.N7z7, L7 _cGB _2CC |
||
| 999 |
_c573962 _d573962 |
||